The Baobab Tree (Record no. 650)
[ view plain ]
| 000 -CABECERA | |
|---|---|
| campo de control de longitud fija | 01093nam a22003014c 4500 |
| 003 - IDENTIFICADOR DE NUMERO DE CONTROL | |
| campo de control | AR-BaSMT |
| 008 - CAMPOS DE LONGITUD FIJA | |
| campo de control de longitud fija | 240627t2021 enka|||ar|||| 000 1 ing d |
| 020 ## - ISBN: Indicadores indefinidos | |
| Número ISBN | 9781474990141 |
| 040 ## - FUENTE DE CATALOGACION | |
| Agencia de catalogación original | BSGB |
| Idioma de catalogación | español |
| Convenciones de la descripción | rda |
| 041 0# - CODIGO DE IDIOMA | |
| Código idioma | ing |
| Idioma original | Inglés |
| 080 ## - CDU | |
| CDU completo | 82-34 |
| 100 1# - PUNTO DE ACCESO PRINCIPAL | |
| Nombre de persona | Cowan, Laura |
| Enlace autoridades | 483 |
| 245 14 - MENCION DE TITULO | |
| Título | The Baobab Tree |
| 264 ## - PRODUCCIÓN, PUBLICACIÓN, DISTRIBUCIÓN, ETC. | |
| Lugar de publicación, etc. | Londres : |
| Nombre editor. | Usborne, |
| Fecha | 2021 |
| 300 ## - DESCRIPCION FISICA | |
| Extensión | 24 páginas ; |
| Otros detalles físicos | ilustraciones color |
| 336 ## - TIPO DE CONTENIDO | |
| rdacontent | rdacontent |
| texto | texto |
| txt | txt |
| 337 ## - TIPO DE MEDIO | |
| rdamedia | rdamedia |
| sin mediación | sin mediación |
| n | n |
| 338 ## - TIPO DE SOPORTE | |
| rdacarrier | rdacarrier |
| volumen | volumen |
| nc | nc |
| 490 ## - TÍTULO DE LA SERIE | |
| Título de la serie | Usborne English Readers Starter Level |
| 500 ## - NOTA GENERAL | |
| Nota general | With activities and free audio |
| 520 ## - NOTA DE SUMARIO, RESUMEN, ETC. | |
| Toda la nota | Long ago, the gods created the Baobab tree... and the Baobab tree was not happy. It didn't like the weather, it resented the birds and animals and envied the other trees. Finally the gods tired of its constant complaints and took drastic action. |
| 521 ## - NOTA DE PÚBLICO DESTINATARIO | |
| Nota de audiencia | Primaria |
| 650 #7 - PUNTO DE ACCESO ADICIONAL DE MATERIA – TÉRMINO TEMÁTICO | |
| Enlace autoridades | 8 |
| Término de materia o nombre geográfico como elemento de entrada | LITERATURA INFANTIL |
| Subdivisión de forma | Inglés |
| 650 #7 - PUNTO DE ACCESO ADICIONAL DE MATERIA – TÉRMINO TEMÁTICO | |
| Enlace autoridades | 23 |
| Término de materia o nombre geográfico como elemento de entrada | CUENTO |
| 700 1# - PUNTO DE ACCESO ADICIONAL – NOMBRE DE PERSONA | |
| Apellido, Nombre | López, Jesús |
| Término relacionador: | Ilustrador |
| Enlace autoridades | 487 |
| 942 ## - ELEMENTOS AGREGADOS (KOHA) | |
| CDU | Clasificación Decimal Dewey |
| Tipo de ítem | Libros |
| Disponible | Perdido | Fuente de clasificación | Estado | Ubicación permanente | Locación actual | Estante o sala | Fuente de adquisición | Número de inventario | Total préstamos | Signatura topográfica | Código de barras | Numero de ejemplar | Tipo de item de Koha | Calificador de localización códificado |
|---|---|---|---|---|---|---|---|---|---|---|---|---|---|---|
| Clasificación Decimal Dewey | Biblioteca Susana G. De Batemarco | Biblioteca Susana G. De Batemarco | Inglés - Azul | Compra feria del libro 2026 | 000945 | 82-34 COW | 000945 | 1 | Libros | |||||
| Clasificación Decimal Dewey | Biblioteca Susana G. De Batemarco | Biblioteca Susana G. De Batemarco | Inglés - Azul | Compra feria del libro 2026 | 000929 | 82-34 COW | 000929 | 2 | Libros |
